书目信息 |
| 题名: |
千年悠韵的古村古居
|
|
| 作者: | 胡元斌 编著 | |
| 分册: | ||
| 出版信息: | 北京 现代出版社 2018 |
|
| 页数: | 470页 | |
| 开本: | 24cm | |
| 丛书名: | 中华文化大博览丛书 | |
| 单 册: | ||
| 中图分类: | K928.5 | |
| 科图分类: | ||
| 主题词: | 村落--cun luo--介绍--中国 | |
| 电子资源: | ||
| ISBN: | 978-7-5143-6446-0 | |
| 000 | 00915nam 2200265 45 | |
| 001 | 012001009849 | |
| 005 | 20140101095122.0 | |
| 010 | @a978-7-5143-6446-0@dCNY128.00 | |
| 099 | @aCAL 012018107972 | |
| 100 | @a20180910d2018 em y0chiy50 ea | |
| 101 | 0 | @achi |
| 102 | @aCN@b110000 | |
| 105 | @aa z 000yy | |
| 106 | @ar | |
| 200 | 1 | @a千年悠韵的古村古居@Aqian nian you yun de gu cun gu ju@f胡元斌编著 |
| 210 | @a北京@c现代出版社@d2018 | |
| 215 | @a470页@c彩图@d24cm | |
| 225 | 2 | @a中华文化大博览丛书@Azhong hua wen hua da bo lan cong shu |
| 330 | @a本书介绍了:福建客家庄园培田古村、中国画里的乡村安徽宏村、北方农民宫殿山西丁村、贵州民俗古村屯堡文化村、古民居活化石党家村等村落。 | |
| 410 | 0 | @12001 @a中华文化大博览丛书 |
| 606 | 0 | @a村落@Acun luo@x介绍@y中国 |
| 690 | @aK928.5@v5 | |
| 701 | 0 | @a胡元斌@Ahu yuan bin@4编著 |
| 801 | 0 | @aCN@b上海新华@c20191020 |
| 905 | @b1189700-1@dK928.5@e1166@f2 | |
| 千年悠韵的古村古居/胡元斌编著.-北京:现代出版社,2018 |
| 470页:彩图;24cm.-(中华文化大博览丛书) |
| ISBN 978-7-5143-6446-0:CNY128.00 |
| 本书介绍了:福建客家庄园培田古村、中国画里的乡村安徽宏村、北方农民宫殿山西丁村、贵州民俗古村屯堡文化村、古民居活化石党家村等村落。 |
| ● |
| 相关链接 |
|
|
|
|
正题名:千年悠韵的古村古居
索取号:K928.5/1166
 
预约/预借
| 序号 | 登录号 | 条形码 | 馆藏地/架位号 | 状态 | 备注 |
| 1 | 1189700 | 211897009 | 第二样本阅览室/ [索取号:K928.5/1166] | 在馆 | |
| 2 | 1189701 | 211897018 | 第二借阅区/ [索取号:K928.5/1166] | 在馆 |